Logo BPK

Biblioteka

Politechniki Koszalińskiej

Łódź : (Rekord nr 35227)

Szczegóły MARC
000 -ETYKIETA REKORDU
podpole kontrolne o stałej długości 01478nem a2200421 i 4500
001 - NUMER KONTROLNY REKORDU
pole kontrolne 35227
003 - IDENTYFIKATOR NUMERU KONTROLNEGO REKORDU
podpole kontrolne KOSZ 005
005 - DATA OSTATNIEJ MODYFIKACJI REKORDU
podpole kontrolne 20200207123410.0
007 - DANE KONTROLNE - FORMA FIZYCZNA DOKUMENTU
podpole kontrolne o stałej długości ad canzn
008 - POLE O STAŁEJ DŁUGOŚCI - DANE KONTROLNE
podpole kontrolne o stałej długości 041217s2004 pl e | 1 pol
015 ## - NUMER BIBLIOGRAFII NARODOWEJ
Numer bibliografii narodowej BDK 2004/301
020 ## - MIĘDZYNARODOWY ZNORMALIZOWANY NUMER KSIĄŻKI - ISBN
ISBN 837345229X
034 1# - DANE MATEMATYCZNE ZAKODOWANE
Rodzaj skali a
Liniowa skala pozioma 15500
035 ## - NUMER SYSTEMOWY
Numer systemowy przejętego rekordu 991025186209705066
035 ## - NUMER SYSTEMOWY
Numer systemowy przejętego rekordu (PL-WaBN)b16870189-48omnis_nlop
035 ## - NUMER SYSTEMOWY
Numer systemowy przejętego rekordu b16870189
035 ## - NUMER SYSTEMOWY
Numer systemowy przejętego rekordu (OCoLC)838914438
035 ## - NUMER SYSTEMOWY
Numer systemowy przejętego rekordu (PL)b0000001687018
035 ## - NUMER SYSTEMOWY
Numer systemowy przejętego rekordu (EXLNZ-48OMNIS_NETWORK)9910170328905606
040 ## - ŹRÓDŁO KATALOGOWANIA
Instytucja, która sporządziła opis WA N
Instytucja, która utworzyła rekord WA N
Instytucja, która dokonała modyfikacji KOSZ 005/HR
080 ## - UNIWERSALNA KLASYFIKACJA DZIESIĘTNA - UKD
UKD 912(438)
245 00 - TYTUŁ/ODPOWIEDZIALNOŚĆ
Tytuł Łódź :
Ciąg dalszy tytułu atlas miasta : skala 1:15 500 /
Pozostałe elementy strefy tytułu i oznaczenia odpowiedzialności oprac. wydawca MAPY ŚCIENNE BEATA PIĘTKA WYDAWNICTWO KARTOGRAFICZNE ; "nowe opracowanie".
255 ## - STREFA DANYCH MATEMATYCZNYCH
Oznaczenie skali Skala 1:15 000.
260 ## - STREFA ADRESU WYDAWNICZEGO
Miejsce wydania Katowice :
Nazwa wydawcy/dystrybutora MAPY ŚCIENNE, Beata Piętka,
Data publikacji, dystrybucji/powstania dokumentu [2004].
300 ## - STREFA OPISU FIZYCZNEGO
Objętość 1 atlas (s. 2-63 mapy, 64-72 indeks) :
Inne cechy fizyczne kolor. ;
Rozmiary 22 cm, skoroszyt.
380 ## - FORMA I TYP PUBLIKACJI
Forma i typ publikacji Mapy
500 ## - UWAGI OGÓLNE
Tekst uwagi Tyt. panelowy.
540 ## - UWAGA DOTYCZĄCA PRAWA AUTORSKIEGO
Warunki wykorzystania i reprodukowania Cop. Mapy Ścienne Beata Piętka.
546 ## - UWAGA O JĘZYKU
Uwaga o języku Treść map w jęz. pol., legenda także w jęz. ang. i niem.
648 #7 - HASŁO PRZEDMIOTOWE - TERMIN CHRONOLOGICZNY
Termin chronologiczny 2001-
Źródło hasła lub terminu DBN
651 #7 - HASŁO PRZEDMIOTOWE W FORMIE NAZWY GEOGRAFICZNEJ
Nazwa geograficzna Łódź (woj. łódzkie)
Źródło hasła lub terminu DBN
655 #7 - TERMIN INDEKSOWY - OKREŚLENIE RODZAJU/FORMY DOKUMENTU
Określenie rodzaju/formy dokumentu Plan miasta
Źródło terminu DBN
658 ## - TERMIN INDEKSOWY - PRZEDMIOT PROGRAMU NAUCZANIA
Główny przedmiot programu nauczania Geografia i nauki o Ziemi
710 2# - HASŁO DODATKOWE - NAZWA CIAŁA ZBIOROWEGO
Nazwa ciała zbiorowego lub jednostki geograficznej Wydawnictwo Piętka
Określenie związku między hasłem a opisywanym materiałem Wydawca
856 ## - LOKALIZACJA I DOSTĘP DO ELEKTRONICZNYCH DOKUMENTÓW ZDALNYCH
Link (URL) http://koha.tu.koszalin.pl/cgi-bin/koha/opac-detail.pl?biblionumber=35227
Tekst linku Katalog online BPK
942 ## - DODATKOWE ELEMENTY (KOHA)
Schemat klasyfikacji Uniwersalna Klasyfikacja Dziesiętna
Typ dokumentu Kartograficzne
Egzemplarze
Wycofany Status Uszkodzony Dostępność Lokalizacja stała Lokalizacja bieżąca Miejsce przechowywania Cena Sygnatura Kod kreskowy Dział Typ dokumentu
      Tylko na miejscu Biblioteka Politechniki Koszalińskiej Biblioteka Politechniki Koszalińskiej Czytelnia BG 33.75 MP 1248 02242996 91 Geografia Kartograficzne
      Dostępny Biblioteka Politechniki Koszalińskiej Biblioteka Politechniki Koszalińskiej Wypożyczalnia BG 25.43 MP 1274 02275246   Kartograficzne
© 2023 Biblioteka Politechniki Koszalińskiej :: KOHA